El matrimonio y las causas matrimoniales (Record no. 108438)

MARC details
000 -LEADER
campo de control de longitud fija 00559nam a2200145 4500
001 - NÚMERO DE CONTROL
campo de control 108438
003 - IDENTIFICADOR DE NÚMERO DE CONTROL
campo de control ES-MaACL
007 - CAMPO FIJO DE DESCRIPCIÓN FÍSICA--INFORMACIÓN GENERAL
campo de control de longitud fija t|
008 - DATOS DE LONGITUD FIJA--INFORMACIÓN GENERAL
campo de control de longitud fija 061121s1927 sp r ||||1| spa d
100 1# - ENTRADA PRINCIPAL--NOMBRE DE PERSONA
Nombre de persona Montero Gutiérrez, Eloy.
9 (RLIN) 82525
245 13 - MENCIÓN DEL TÍTULO
Título El matrimonio y las causas matrimoniales
Resto del título : Disciplina de la Iglesia y de los principales Estados, especialmente de España y Jurisprudencia de los Tribunales eclesiásticos /
Mención de responsabilidad, etc. Eloy Montero Gutiérrez.
260 ## - PUBLICACIÓN, DISTRIBUCIÓN, ETC.
Lugar de publicación, distribución, etc. Sevilla :
Nombre del editor, distribuidor, etc. Eulogio de las Heras,
Fecha de publicación, distribución, etc. 1927.
300 ## - DESCRIPCIÓN FÍSICA
Extensión 400 p. ;
Dimensiones 22 cm.
852 ## - LOCALIZACIÓN
Ubicación ES-MaACL
Número de control de estantería B-5200
Holdings
Estatus retirado Estado de pérdida Estado de daño No para préstamo Biblioteca de origen Biblioteca actual Ubicación en estantería Fecha de adquisición Fuente de adquisición Total de préstamos Signatura topográfica completa Código de barras Visto por última vez Precio de reemplazo Tipo de ítem Koha
        Biblioteca del Ateneo de Madrid Biblioteca del Ateneo de Madrid Sala Pardo Bazán 17/01/2008     B-5200 1113153 23/02/2023 23/02/2023 Libro impreso